Curso de procedimiento administrativo (Registro nro. 6205)

Detalles MARC
000 -LEADER
fixed length control field 01373 a2200253 4500
001 - CONTROL NUMBER
control field 57446
005 - DATE AND TIME OF LATEST TRANSACTION
control field 20260407155836.0
008 - FIXED-LENGTH DATA ELEMENTS--GENERAL INFORMATION
fixed length control field 260407a2022 arg spa d
003 - CONTROL NUMBER IDENTIFIER
control field AR-UNSa-BCEJYS
040 ## - CATALOGING SOURCE
Original cataloging agency AR-UNSa-BCEJYS
Language of cataloging spa
Transcribing agency AR-UNSa-BCEJYS
080 ## - UNIVERSAL DECIMAL CLASSIFICATION NUMBER
Universal Decimal Classification number 35.077.3
Common auxiliary subdivision Procedimiento administrativo (licitación pública...)<br/>
020 ## - INTERNATIONAL STANDARD BOOK NUMBER
International Standard Book Number 978-987-30-3338-4
041 ## - LANGUAGE CODE
Language code of text/sound track or separate title spa
100 1# - MAIN ENTRY--PERSONAL NAME
Personal name Aberastury, Pedro
245 10 - TITLE STATEMENT
Title Curso de procedimiento administrativo
250 ## - EDITION STATEMENT
Edition statement 2a. ed.
264 #1 - PRODUCTION, PUBLICATION, DISTRIBUTION, MANUFACTURE, AND COPYRIGHT NOTICE
Place of production, publication, distribution, manufacture Buenos Aires :
Name of producer, publisher, distributor, manufacturer Rubinzal-Culzoni Editores
Date of production, publication, distribution, manufacture, or copyright notice 2022
300 ## - PHYSICAL DESCRIPTION
Extent 515 p.
Dimensions 22 cm.
505 ## - FORMATTED CONTENTS NOTE
Formatted contents note 1. Evolución histórica. Concepto. Constitucionalidad – 2. Los principios del procedimiento administrativo – 3. La tramitación del expediente administrativo – 4. Las partes en el procedimiento administrativo – 5. Vista y acceso a la información – 6. La prueba de las facultades de la administración – 7. La notificación – 8. Los plazos en el procedimiento administrativo y el silencio de la administración – 9. Modos normales y anormales de conclusión del procedimiento administrativo – 10. Los remedios para corregir conductas administrativas
590 ## - LOCAL NOTE (RLIN)
Local note niveau_biblio:m niveau_hierar:0
700 1# - ADDED ENTRY--PERSONAL NAME
Personal name Cilurzo, María Rosa
856 41 - ELECTRONIC LOCATION AND ACCESS
Uniform Resource Identifier <a href="https://biblioeco.unsa.edu.ar/pmb/images/libros/L128779.jpg">https://biblioeco.unsa.edu.ar/pmb/images/libros/L128779.jpg</a>
Link text Imagen de portada
Electronic format type image/jpeg
942 ## - ADDED ENTRY ELEMENTS (KOHA)
Koha item type
Existencias
Withdrawn status Lost status Damaged status Not for loan Home library Current library Shelving location Date acquired Total checkouts Full call number Barcode Date last seen Price effective from Koha item type
        Biblioteca Prof. Eusebio Cleto del Rey Biblioteca Prof. Eusebio Cleto del Rey   07/04/2026   35.077.3 A143 2ed. L128779 07/04/2026 07/04/2026 Libro
        Biblioteca Prof. Eusebio Cleto del Rey Biblioteca Prof. Eusebio Cleto del Rey   07/04/2026   35.077.3 A143 2ed. L128780 07/04/2026 07/04/2026 Libro